| 000 | 00953cam a2200349 4500500 | ||
|---|---|---|---|
| 005 | 20260329004132.0 | ||
| 041 | _afre | ||
| 042 | _adc | ||
| 100 | 1 | 0 |
_aLacroix, Alexandre _eauthor |
| 245 | 0 | 0 | _aPeter Singer : “Vous devez vous demander comment faire le bien” |
| 260 | _c2018. | ||
| 500 | _a88 | ||
| 690 | _aAltruisme | ||
| 690 | _aAquarius | ||
| 690 | _aCharité | ||
| 690 | _aDavid Hume | ||
| 690 | _aDon | ||
| 690 | _aGénérosité | ||
| 690 | _aLibération animale | ||
| 690 | _aLobby | ||
| 690 | _aMigrants | ||
| 690 | _aMigration | ||
| 690 | _aMilitantisme | ||
| 690 | _aONG | ||
| 690 | _aPeter Singer | ||
| 690 | _aPolitique | ||
| 690 | _aréfugiés | ||
| 690 | _aThomas Nagel | ||
| 690 | _aUtilitarisme | ||
| 786 | 0 | _nPhilosophie magazine | 123 | 10 | 2018-10-01 | p. 30-33 | 1951-1787 | |
| 856 | 4 | 1 | _uhttps://shs.cairn.info/magazine-philosophie-magazine-2018-10-page-30?lang=fr&redirect-ssocas=7080 |
| 999 |
_c1831062 _d1831062 |
||